000 00352nam a22001457a 4500
003 MACL
005 20180420153748.0
008 180420b xxu||||| |||| 00| 0 eng d
040 _cMACL
100 _aMOHAMMAD MONIR ALAM
_972121
245 _aPakistan occupied Kashmir
260 _aDelhi
_bAcademic
_c2015
650 _aCrime
_972122
942 _2ddc
_cBK
999 _c57789
_d57789